A history of Hindu chemistry from the earliest times to the middle of the sixteenth century, A.D. /

Bibliographic Details
Main Author: Ray, Prafulla Chandra, 1861-1944
Format: Book
Language:English
Sanskrit
Published: London : Williams and Norgate, 1907-09.
Subjects:

MARC

Tag First Indicator Second Indicator Subfields
LEADER 00000cam a2200000 4500
001 in00000051588
005 20151007072027.0
008 791025m19071909enkaf 00010 eng
035 |a (OCoLC)05586918 
035 |9 AAE7099AM 
040 |a DLC  |c CLE  |d TXA  |d UtOrBLW 
041 0 |a eng  |a san 
049 |a TXAM  |v 1 [466597]  |v 2 [466598] 
050 0 |a QD18.I3  |b R2 
092 |a 540.9  |b R264h, 1907-09 
100 1 |a Ray, Prafulla Chandra,  |d 1861-1944. 
245 1 2 |a A history of Hindu chemistry from the earliest times to the middle of the sixteenth century, A.D. /  |c with Sanskrit texts, variants, translation and illustrations. By Praphulla Chandra Ray. 
264 1 |a London :  |b Williams and Norgate,  |c 1907-09. 
300 |a 2 volumes :  |b illustrations, plates. ;  |c 27 cm. 
336 |a text  |b txt  |2 rdacontent 
337 |a unmediated  |b n  |2 rdamedia 
338 |a volume  |b nc  |2 rdacarrier 
650 0 |a Chemistry  |x History  |z India. 
650 0 |a Sanskrit language  |x Texts. 
740 0 |a Hindu chemistry. 
999 |a MARS 
999 f f |s e60afed2-7448-3a48-bf7c-f8843a07e98f  |i 14ce0a2c-605b-35dc-bd0b-2cef1c896532  |t 0 
952 f f |p ric  |a Texas A&M University  |b Rellis Campus  |c Joint Library Facility  |s JLF  |d Remote Storage  |t 0  |e QD18.I3 R2  |h Library of Congress classification  |i unmediated -- volume  |k v.2  |m A14800933129 
952 f f |p ric  |a Texas A&M University  |b Rellis Campus  |c Joint Library Facility  |s JLF  |d Remote Storage  |t 0  |e QD18.I3 R2  |h Library of Congress classification  |i unmediated -- volume  |k v.1  |m A14800933111 
998 f f |a QD18.I3 R2  |s v.1-v.2  |t 0  |l Remote Storage